000 00390nam a22001337a 4500
999 _c513329
_d513329
020 _a9789350026311
082 _aZx54 M969a
245 _aAgrarian question:
_ba short reader
_cedited by R.V. Ramana Murthy
260 _aDelhi
_bAakar Books
_c2020
300 _a196p.
650 _aAgriculture -- India
_916217
650 _aFarmers -- India
_916218
700 _aMurthy, R.V. Ramana, ed.
_916008